| 000 | 00330nam a22001217a 4500 | ||
|---|---|---|---|
| 999 |
_c13997 _d13997 |
||
| 020 | _a9781292278483 | ||
| 082 | _a658.31 | ||
| 100 | _aMike Brent, Fiona Elsa Dent and Nigel Melville | ||
| 245 | _aWhen Teams Work: How to develop and lead a high-performing team | ||
| 260 |
_aUK _bPearson _c2022 |
||
| 300 | _a204 pages | ||
| 942 | _cBK | ||